01017nam a2200217 a 4500008004100000020001500041050001400056100002000070245006400090260004100154300002000195350000900215490003100224500026400255650002900519650004100548700001800589710007200607856005500679856006500734080109s1987 ||||||||||||||||| || u a0471915114 aQ 223 Com aO'Connor, Maeve10aCommunicating science to the publiccedited by David Evered aNew York:bJohn Wiley and Sonsc1987 aix, 214p.: ill. a0.00 aCiba Foundation conference a"Editors: David Evered (organizer) and Maeve O'Connor"--P. v. -Papers presented at the Conference on the Communication of Science, held at the Ciba Foundation, London, 14-16 Oct. 1986. -"A Wiley-Interscience publication." -Includes bibliographies and indexes. aSCIENCE NEWS--CONGRESSES aCOMMUNICATION IN SCIENCE--CONGRESSES aEvered, David aConference on the Communication of Science (1986 : Ciba Foundation) uhttp://www.loc.gov/catdir/toc/onix02/87008261.html uhttp://www.loc.gov/catdir/description/wiley032/87008261.html